000 02367nam0a2200481 4500
001 RU\NLR\BIBL_A\022059608
005 20240820163759.0
010 _a978-5-17-154432-4
_92000
021 _aRU
_bКН-П-23-060596
_9КН-П-23-6135
035 _a(NLR Aleph) 022059608
035 _a(RuMoRGB)012149522
090 _a12623469
_c12623469
100 _a20231026d2023 u y0rusy50 ca
101 0 _arus
102 _aRU
105 _aa f 000zy
181 0 _ab3
_bxb2e
181 0 _ai2
_baxxe
182 0 _an
200 1 _aЗолотая книга России
_eбольшая энциклопедия
_e1000 фотографий
_fЕ. А. Тропинина
203 _aИзображение
_aТекст
_bвизуальные
_cнепосредственные
210 _aМосква
_cАСТ
_d2023
215 _a207 с.
_cил., цв. ил.
_d29
225 1 _aСерия "Большая коллекция"
300 _aЗагл. в вып. дан. и макете: Большая энциклопедия. Золотая книга России. 1000 фотографий
300 _aНа обл. авт. не указан
333 _a12+
517 1 _aБольшая энциклопедия. Золотая книга России. 1000 фотографий
606 1 _aПамятники природы
_yРоссийская Федерация
_2nlr_sh1
_2nlr_sh2
_3RU\NLR\AUTH\661319872
606 1 _aПамятники истории и культуры
_yРоссийская Федерация
_2nlr_sh2
_3RU\NLR\AUTH\661510780
675 _a908(470)
_v4
686 1 _aД829(2Р)
686 1 _aТ3(2)74л60
700 1 _aТропинина
_bЕ. А.
_gЕвгения Александровна
856 4 _lVNP_SKP
_tVIEW
_uhttps://webservices.nlr.ru/viewer/file?name=a022059608_002.txt
_yАннотация
856 4 _lVNP_SKP
_tVIEW
_uhttps://webservices.nlr.ru/viewer/file?name=p022059608_003.jpg
_x001
_yСтраница
856 4 _lVNP_SKP
_tVIEW
_uhttps://webservices.nlr.ru/viewer/file?name=p022059608_004.jpg
_x002
_yСтраница
856 4 1 _lVNP_SKP
_tVIEW
_uhttps://webservices.nlr.ru/viewer/file?name=t022059608_001.jpg
_yОбложка
942 _cBOOK
980 4 _aVNP_SKP
980 _aNB